000 00961nam a22001937a 4500
999 _c5935
_d5935
005 20251202120350.0
008 251202b ||||| |||| 00| 0 eng d
020 _a9780241460900
040 _cKH8
082 _a823.92 KIR
100 _aKIRBY,KATIE
_eAUTHOR
_eILLUSTRATOR
245 _aTHE CATASTROPHIC FRIENDSHIP FAILS OF LOTTIE BROOKS
260 _aOne Embassy Gardens,8 Viaduct Gardens,London SW11 7BW
_bPenguin Random House Children's
_c2022
300 _a448 pages
_bb illustration
_c13 cm x 19 cm
520 _aLottie Brooks is back for spring term at secondary school and with her best friends Jess and Molly at her side, she can face anything. No more trying to impress mean girls Amber and Poppy. And absolutely no more being nicknamed Cucumber Girl. Plus, the spring musical means Lottie can dazzle her mega-crush Daniel with her talent as a singing crustacean.
650 _2Friendship
_aJuvenile Literature
655 _aHumour
942 _2ddc
_cFIC